000 00761nas a2200253 4500
001 BR2018002119
003 BR-BrBNA
005 20231205131440.0
007 ta
008 230509b bl.|||p| |||| 00| 00por d
040 _aBR-BrBNA
_bpor
_cBiblioteca Nacional de Agricultura
041 _a(Pt)
072 _aF70
100 1 _aAquino, C.A.N.
100 1 _aBueno, N.C.
100 1 _aMenezes, V.C. de
245 1 _aDesmidioflórula (Zygnemaphyaceae, Desmidiales)do rio Cascavel, oeste do estado do Paraná, Brasil
650 _aALGA VERDE
650 _aTAXONOMIA
650 _aPARANÁ
773 0 _tHoehnea (Brazil)
_xISSN 0073-2877
_g(Sep 2014), v. 41(3) p. 365-392
_wBR2018002119
909 _a202311
_bLúcia
_c55
_dLúcia Elande
942 _2AGRIS
_n0
_cANA
999 _c254887
_d254887